The pearson guide to bank probationary officers' recruitment examination / (Record no. 76349)

MARC details
000 -LEADER
fixed length control field 01006nam a22002537a 4500
005 - DATE AND TIME OF LATEST TRANSACTION
control field 20130530152358.0
008 - FIXED-LENGTH DATA ELEMENTS--GENERAL INFORMATION
fixed length control field 080922t xxu||||| |||| 00| 0 eng d
010 ## - LCCN (DPL NO)
LC control number B-506542-543
020 ## - INTERNATIONAL STANDARD BOOK NUMBER
International Standard Book Number 9788131761809
035 ## - SYSTEM CONTROL NUMBER
System control number B-506542-543
037 ## - SOURCE OF ACQUISITION
Source of stock number/acquisition KKP/Ven
040 ## - CATALOGING SOURCE
Original cataloging agency dpl
Language of cataloging English
082 ## - DEWEY DECIMAL CLASSIFICATION NUMBER
Classification number 000
100 ## - MAIN ENTRY--PERSONAL NAME
Personal name Thorpe, Vandana
245 ## - TITLE STATEMENT
Title The pearson guide to bank probationary officers' recruitment examination /
Statement of responsibility, etc Vandana Thorpe
246 ## - VARYING FORM OF TITLE
Title proper/short title bank probationary officers' recruitment examination
250 ## - EDITION STATEMENT
Edition statement 2nd ed.
260 ## - PUBLICATION, DISTRIBUTION, ETC. (IMPRINT)
Place of publication, distribution, etc Noida
Name of publisher, distributor, etc Pearson
Date of publication, distribution, etc 2012
270 ## - ADDRESS
Address 7th floor, Knowledge Boulevard, A-8(A), Sector 62
City Noida
Postal code 201309
300 ## - PHYSICAL DESCRIPTION
Extent Various pagings
Dimensions 25cm(pbk)
500 ## - GENERAL NOTE
General note comprehensive coverage of IBPS's CWE, SBI's and other banks' PO examination format
942 ## - ADDED ENTRY ELEMENTS (KOHA)
Source of classification or shelving scheme Dewey Decimal Classification
Item type English Books
Call number suffix THO
Classification part 000
Holdings
Withdrawn status Lost status Source of classification or shelving scheme Damaged status Not for loan Collection code Home library Current library Date acquired Source of acquisition Cost, normal purchase price Total Checkouts Total Renewals Full call number Barcode Date last seen Copy number Cost, replacement price Koha item type
    Dewey Decimal Classification     Non-fiction Sarojini Nagar Sarojini Nagar 30/05/2013 KKP/BL3018/19.3.13/172/19.3.13/22.3.13 599.00 5 2 000 THO B-506542 14/06/2019 1 599.00 English Books
    Dewey Decimal Classification   Not For Loan Reference South Zone Lib (REF) South Zone Lib (REF) 30/05/2013 KKP/BL3018/19.3.13/172/19.3.13/22.3.13 599.00     000 THO B-506543 30/05/2013 1 599.00 English Books

© Delhi Public Library
Hit Counter
free hit counter